000 00854nas a2200301 4500
001 BR9201236
003 BR-BrBNA
005 20231205092354.0
007 ta
008 230509b bl.|||p| |||| 00| 00por d
040 _aBR-BrBNA
_bpor
_cBiblioteca Nacional de Agricultura
041 _a(Pt)
072 _aN20; U10
100 1 _aSobral Junior, M.
100 1 _aEstevam, J.R.
100 1 _aDelfini, P. de T.
245 1 _aSimulando extracao em moendas via computadores
650 _aMOENDA
650 _aENGENHO
650 _aINSTALACAO AGRICOLA
650 _aCOMPUTADOR
650 _aBASE DE DADOS
650 _aPROGRAMA DE COMPUTADOR
650 _aPRATICO
773 0 _tBoletim Tecnico COPERSUCAR (Brazil)
_xISSN 0100-2996
_g(Oct 1988), no. 44 p. 44-51
_wBR9201236
909 _a202311
_bLúcia
_c55
_dLúcia Elande
942 _2AGRIS
_n0
_cANA
999 _c131261
_d131261